Footballeurs en N - Statistiques

Statistiques générales
  • Ce quiz a été pris 128 fois
  • Le résultat moyen est 10 sur 20
Statistiques - réponses
Par images Réponse % Correct
Nasri
98%
Neymar
98%
Neuer
95%
Nkunku
92%
Neves
91%
Nunez
87%
Ndombélé
79%
Néné
77%
Nzonzi
75%
Navas
70%
Nivet
47%
Negredo
33%
Ntep
26%
Nonda
11%
Nilmar
6%
Née
5%
N'Guemo
2%
N'Diaye
1%
N'Gog
1%
Noguiera
0%
Aucun quiz correspondant
Distribution des résultats
% des personnes avec chaque résultat
Percentile par nombre de réponses
Votre historique - résultats
Vous n’avez pas pris ce quiz